|
|
|
|
| LEADER |
00813cam a2200217 7i4500 |
| 001 |
0000033084 |
| 005 |
20160118090000.0 |
| 020 |
0 |
0 |
|a 9789678921084
|
| 090 |
0 |
0 |
|a M 346.595043
|b MAL
|
| 110 |
2 |
0 |
|a Malaysia, jurisdiction governed
|
| 245 |
4 |
0 |
|a Kanun Tanah Negara 1965 [Akta 56/1965] & Peraturan-peraturan :
|b (hingga 10hb Januari 2015).
|
| 264 |
# |
0 |
|a Petaling Jaya, Selangor:
|b International Law Book Services,
|c 2015.
|
| 300 |
# |
# |
|a 650 pages.
|
| 336 |
# |
# |
|a text
|2 rdacontent
|
| 337 |
# |
# |
|a unmediated
|2 rdamedia
|
| 338 |
# |
# |
|a volume
|2 rdacarrier
|
| 650 |
0 |
0 |
|a Land use --
|x Law and legislation --
|z Malaysia
|
| 650 |
0 |
0 |
|a Land tenure --
|x Law and legislation --
|z Malaysia
|
| 710 |
2 |
0 |
|a Lembaga Penyelidikan Undang-Undang
|
| 830 |
# |
0 |
|a Undang-undang Malaysia
|
| 999 |
|
|
|a 0000036647
|b Book
|c Malaysia
|e Business Information Centre
|